Riconosci il Pokémon - Quiz n°979 - Statistics

Statistiche generali
  • Questo quiz è stato fatto 0 volte
  • Il punteggio medio è 0 su 10
Statistiche sulle risposte
Indizio Risposta % Corretto
Altezza 0,80 m
0%
Tasso di cattura 120 (24.9%)
0%
Peso 20,2 kg
0%
Sesso 50% ♂, 50% ♀
0%
Pokémon Kirlia
0%
Tasso di allevamento Lento
0%
Stadio evoluzione Prima evoluzione
0%
Tipo Psico / Folletto
0%
Abilità Sincronismo; Traccia; Telepatia
0%
Generazione Terza
0%
Nessun quiz corrispondente trovato
Distribuzione punteggi
Percentuale di utenti per punteggio
Percentile per numero di risposta
I tuoi punteggi nel tempo
Non hai fatto questo quiz